Подробности
| 000 -МАРКЕР |
| контрольное поле |
01944nam0a2200373 4500 |
| 001 - ИДЕНТИФИКАТОР ЗАПИСИ |
| контрольное поле |
RU\NLR\bibl\537740 |
| 005 - ИДЕНТИФИКАТОР ВЕРСИИ |
| контрольное поле |
20260407100601.0 |
| 010 ## - МЕЖДУНАРОДНЫЙ СТАНДАРТНЫЙ НОМЕР КНИГИ (ISBN) |
| Номер (ISBN) |
5-87237-353-8 |
| Тираж |
100 |
| 021 ## - НОМЕР ГОСУДАРСТВЕННОЙ РЕГИСТРАЦИИ |
| Код страны |
российская федерация |
| Номер |
2004-22104 |
| Номер Листа государственной регистраци |
1120 |
| 035 ## - ДРУГИЕ СИСТЕМНЫЕ НОМЕРА |
| Идентификатор записи |
(NLR Aleph) 000530002 |
| 100 ## - ДАННЫЕ ОБЩЕЙ ОБРАБОТКИ |
| Данные общей обработки |
20040707d2003 |||y0rusy50 ca |
| 101 0# - ЯЗЫК РЕСУРСА |
| Язык текста, звукозаписи и т.д. |
русский |
| 102 ## - СТРАНА ПУБЛИКАЦИИ ИЛИ ПРОИЗВОДСТВА |
| Страна публикации |
российская федерация |
| 105 ## - ПОЛЕ КОДИРОВАННЫХ ДАННЫХ: ТЕКСТОВЫЕ МАТЕРИАЛЫ, МОНОГРАФИЧЕСКИЕ |
| Кодированные данные о монографическом текстовом документе |
y ||||||||| |
| 200 1# - ЗАГЛАВИЕ И СВЕДЕНИЯ ОБ ОТВЕТСТВЕННОСТИ |
| Основное заглавие |
Гендерная теория и историческое знание |
| Сведения, относящиеся к заглавию |
материалы Междунар. науч.-практ. конф., [24-25 сент. 2003 г. |
| Первые сведения об ответственности |
отв. ред.: А. А. Павлов] |
| 210 ## - ПУБЛИКАЦИЯ, РАСПРОСТРАНЕНИЕ И ДР. |
| Место издания, распространения и т.д. |
Сыктывкар |
| Имя издателя, распространителя и т. д. |
СыктГУ |
| Дата издания, распространения и т.д. |
2003 |
| 215 ## - ФИЗИЧЕСКАЯ ХАРАКТЕРИСТИКА |
| Специфическое обозначение материала и объем |
171 с. |
| Размеры |
20 |
| 300 ## - ОБЩИЕ ПРИМЕЧАНИЯ |
| Текст примечания |
В надзаг.: М-во образования Рос. Федерации, Сыктывк. гос. ун-т, Сыктывк. отд-ние Рос. о-ва интеллектуал. истории |
| 320 ## - ПРИМЕЧАНИЯ О НАЛИЧИИ В ДОКУМЕНТЕ БИБЛИОГРАФИИ / УКАЗАТЕЛЯ |
| Текст примечания |
Библиогр. в конце отд. докл. |
| 320 ## - ПРИМЕЧАНИЯ О НАЛИЧИИ В ДОКУМЕНТЕ БИБЛИОГРАФИИ / УКАЗАТЕЛЯ |
| Текст примечания |
Алф. указ.: с. 168 |
| 606 0# - НАИМЕНОВАНИЕ ТЕМЫ КАК ПРЕДМЕТ |
| Наименование темы |
Всеобщая история |
| Формальный подзаголовок |
Съезды, совещания и т.п. |
| Тематический подзаголовок |
Гендерный аспект |
| Системный номер авторитетной/нормативной записи |
2254336 |
| Идентификатор авторитетной/нормативной записи |
RU\NLR\auth\661352022 |
| 686 ## - ИНДЕКСЫ ДРУГИХ КЛАССИФИКАЦИЙ |
| Индекс |
Т3(0)я431 |
| 702 #1 - ИМЯ ЛИЦА - ВТОРИЧНАЯ ОТВЕТСТВЕННОСТЬ |
| Код отношения |
Редактор |
| Материалы, к которым относится поле |
rus |
| Графика поля |
Кириллица |
| Начальный элемент ввода |
Павлов |
| Часть имени, кроме начального элемента ввода |
А. А. |
| Даты |
1965- |
| Дополнения к именам, кроме дат |
канд. ист. наук |
| Расширение инициалов личного имени |
Андрей Альбертович |
| Идентификатор авторитетной/нормативной записи |
RU\NLR\AUTH\7733056 |
| Системный номер авторитетной/нормативной записи |
16064 |
| 711 12 - НАИМЕНОВАНИЕ ОРГАНИЗАЦИИ - АЛЬТЕРНАТИВНАЯ ОТВЕТСТВЕННОСТЬ |
| Начальный элемент ввода |
"Гендерная теория и историческое знание", международная научно-практическая конференция |
| Дата проведения временной организации |
2003 |
| Место проведения временной организации |
Сыктывкар |
| Идентификатор авторитетной/нормативной записи |
RU\NLR\AUTH\8810054821 |
| Системный номер авторитетной/нормативной записи |
610171 |
| 712 02 - НАИМЕНОВАНИЕ ОРГАНИЗАЦИИ - ВТОРИЧНАЯ ОТВЕТСТВЕННОСТЬ |
| Код отношения |
Издающая организация |
| Начальный элемент ввода |
Сыктывкарский государственный университет |
| Системный номер авторитетной/нормативной записи |
434212 |
| Идентификатор авторитетной/нормативной записи |
RU\NLR\AUTH\889968910 |
| 801 #0 - ИСТОЧНИК ЗАПИСИ |
| Страна |
российская федерация |
| Организация |
NLR |
| Дата составления |
20040707 |
| Правила каталогизации |
PSBO |
| 801 #1 - ИСТОЧНИК ЗАПИСИ |
| Страна |
российская федерация |
| Организация |
NLR |
| Дата составления |
20040707 |
| 942 ## - ДОПОЛНИТЕЛЬНЫЕ ЭЛЕМЕНТЫ ЗАПИСИ (АБИС) |
| Тип экземпляра АБИС |
Книга |
| 980 ## - КОЛЛЕКЦИЯ |
| Название коллекции |
Национальная библиография |
| 980 ## - КОЛЛЕКЦИЯ |
| Название коллекции |
НБР |